00842nam a2200157 a 450000100100000000500170001000800410002704000250006811000810009324501180017426000940029230000360038659000720042295201730049499900170066700003308320200930070021.0110817s1925 dr bc 000 0 spa d aDO-SdBNPbspacBNPHU1 aRepública DominicanabDepartamento de Agricultura é Inmigración95876414aLos bosques de la República Dominicana :breproducido del The geographical review, vol. XII, abril, 1922 No. 2. aSanto Domingo, :bAgricultura é InmigraciónbOficina del secretario de estado,c1925. a18 p. :bmapa, retrs. ;c26 cm. aPerteneció a la biblioteca personal de Carlos Larrazábal Blanco 001050718RVaPDbPDcHDd2011-08-17iLF1l0o p33083-10r2020-06-25w2020-06-25y1zPerteneció a la biblioteca personal de Carlos Larrazabal Blanco.ZNo se presta c32574d32574